MACHINE LEARNING (Record no. 18304)

MARC details
000 -LEADER
fixed length control field 00309nam a22001457a 4500
003 - CONTROL NUMBER IDENTIFIER
control field SGT
020 ## - INTERNATIONAL STANDARD BOOK NUMBER
International Standard Book Number 9789353066697
082 ## - DEWEY DECIMAL CLASSIFICATION NUMBER
Classification number 006.31,DUT
100 ## - MAIN ENTRY--PERSONAL NAME
Personal name DUTT, SAIKAT
245 ## - TITLE STATEMENT
Title MACHINE LEARNING
260 ## - PUBLICATION, DISTRIBUTION, ETC. (IMPRINT)
Place of publication, distribution, etc NOIDA (U.P)
Name of publisher, distributor, etc PEARSON
Year of Publication 2019
300 ## - PAGE DESCRIPTION
No. of Pages 428
650 ## - SUBJECT ADDED ENTRY--TOPICAL TERM
Topical term or geographic name as entry element COMPUTER
942 ## - ADDED ENTRY ELEMENTS (KOHA)
Source of classification or shelving scheme Dewey Decimal Classification
Koha item type Books
942 ## - ADDED ENTRY ELEMENTS (KOHA)
-- 42
Holdings
Withdrawn status Lost status Source of classification or shelving scheme Damaged status Not for loan Collection code Home library Current library Shelving location Date acquired Vendor Name Cost, normal purchase price SGTU Bill Number Total Checkouts Full call number Accession No. (Barcode) Date last seen Bill Date Koha item type Date last borrowed
    Dewey Decimal Classification     ENGINEERING SGT Engineering Library SGT Engineering Library Text Book 17/06/2019 KIRTI PRAKASHAN 549.00 SGTU IN3435   006.31,DUT FE7296 17/06/2019 29/03/2019 Books  
    Dewey Decimal Classification     ENGINEERING SGT Engineering Library SGT Engineering Library Text Book 17/06/2019 KIRTI PRAKASHAN 549.00 SGTU IN3435 18 006.31,DUT FE7297 23/10/2024 29/03/2019 Books 23/10/2024
    Dewey Decimal Classification     ENGINEERING SGT Engineering Library SGT Engineering Library Text Book 17/06/2019 KIRTI PRAKASHAN 549.00 SGTU IN3435 11 006.31,DUT FE7298 24/04/2026 29/03/2019 Books 10/04/2026
    Dewey Decimal Classification     ENGINEERING SGT Engineering Library SGT Engineering Library Text Book 17/06/2019 KIRTI PRAKASHAN 549.00 SGTU IN3435 13 006.31,DUT FE7299 23/04/2026 29/03/2019 Books 17/04/2026
    Dewey Decimal Classification     ENGINEERING SGT Engineering Library SGT Engineering Library Text Book 17/06/2019 KIRTI PRAKASHAN 549.00 SGTU IN3435 12 006.31,DUT FE7300 05/05/2026 29/03/2019 Books 13/04/2026